| 000 | 00525nam a2200193 a 4500 | ||
|---|---|---|---|
| 005 | 20241022063649.0 | ||
| 008 | 991125s1988 es 000 0 spa u | ||
| 020 | _a8427708378 | ||
| 035 | _aUPN01000058502 | ||
| 049 | _aCG | ||
| 050 | 4 |
_aBF723 _bF7.8 |
|
| 100 | 1 | _aFranco Royo, Teresa | |
| 245 | 1 | 0 |
_aVida afectiva y educación infantil / _cTeresa Franco Royo. |
| 260 |
_aMadrid : _bNarcea, _c1988. |
||
| 300 | _a173 p. | ||
| 440 | 0 | _aPrimeros años | |
| 650 | 0 |
_aProblemas emocionales de niños _910678 |
|
| 905 | _aLibro | ||
| 999 |
_c58502 _d58502 |
||